Rừng, đàn bà, điên loạn

Shranjeno v:
Bibliografske podrobnosti
Glavni avtor: Dournes, Jaques
Format: Knjiga
Jezik:Undetermined
Izdano: Hà Nội Hội nhà văn 2002
Teme:
Oznake: Označite
Brez oznak, prvi označite!
Thư viện lưu trữ: Trung tâm Học liệu Trường Đại học Cần Thơ
LEADER 00593nam a2200205Ia 4500
001 CTU_64111
008 210402s9999 xx 000 0 und d
020 |b 34000 
082 |a 843.91 
082 |b D739 
100 |a Dournes, Jaques 
245 0 |a Rừng, đàn bà, điên loạn 
245 0 |c Jaques Dournes 
260 |a Hà Nội 
260 |b Hội nhà văn 
260 |c 2002 
650 |a French fiction ( vietnamese ),Tiểu thuyết Pháp thế kỷ 20 
650 |y 20th century 
904 |i Năm 
980 |a Trung tâm Học liệu Trường Đại học Cần Thơ